The minor prophets / (Record no. 9592)

MARC details
000 -LEADER
fixed length control field 01036cam a2200289 i 4500
001 - CONTROL NUMBER
control field 1975342
003 - CONTROL NUMBER IDENTIFIER
control field OCoLC
005 - DATE AND TIME OF LATEST TRANSACTION
control field 20241126110715.0
008 - FIXED-LENGTH DATA ELEMENTS--GENERAL INFORMATION
fixed length control field 751211s1976 ilu 001 0 eng
010 ## -
-- 75044088
020 ## - INTERNATIONAL STANDARD BOOK NUMBER
Canceled/invalid ISBN 0802453064 :
Terms of availability $7.95
020 ## - INTERNATIONAL STANDARD BOOK NUMBER
International Standard Book Number 9780802411693
035 ## - SYSTEM CONTROL NUMBER
System control number (OCoLC)1975342
040 ## - CATALOGING SOURCE
Original cataloging agency DLC
Transcribing agency DLC
Modifying agency OCL
-- WY@
-- IDI
050 00 -
-- BS1560
-- .F4
082 ## - DEWEY DECIMAL CLASSIFICATION NUMBER
Classification number 224.9066
Item number FEI
092 ## - LOCALLY ASSIGNED DEWEY CALL NUMBER (OCLC)
Classification number 224.9066
Item number F2992
100 1# - MAIN ENTRY--PERSONAL NAME
Personal name Feinberg, Charles Lee.
9 (RLIN) 16662
245 14 - TITLE STATEMENT
Title The minor prophets /
Statement of responsibility, etc. Charles Lee Feinberg.
260 ## - PUBLICATION, DISTRIBUTION, ETC.
Place of publication, distribution, etc. Chicago :
Name of publisher, distributor, etc. Moody Press,
Date of publication, distribution, etc. 1976.
300 ## - PHYSICAL DESCRIPTION
Extent 360 p. ;
Dimensions 24 cm.
500 ## - GENERAL NOTE
General note Formerly published in the series: The Major messages of the minor prophets, c1948-c1952.
500 ## - GENERAL NOTE
General note Includes indexes.
505 00 - FORMATTED CONTENTS NOTE
Title Hosea: God's love for Israel --
-- Joel, Amos, and Obadiah --
-- Jonah, Micah, and Nahum --
-- Habakkuk, Zephaniah, Haggai, and Malachi --
-- Zechariah: Israel's comfort and glory.
630 00 - SUBJECT ADDED ENTRY--UNIFORM TITLE
Uniform title Bible.
Name of part/section of a work O.T.
-- Minor Prophets
Form subdivision Commentaries.
9 (RLIN) 16663
942 ## - ADDED ENTRY ELEMENTS (KOHA)
Source of classification or shelving scheme Dewey Decimal Classification
Koha item type Books
Koha issues (borrowed), all copies 3
Holdings
Withdrawn status Lost status Source of classification or shelving scheme Damaged status Not for loan Home library Current Library Shelving location Date acquired Total checkouts Full call number Barcode Date last seen Date last checked out Copy number Price effective from Koha item type
    Dewey Decimal Classification     GRACE BIBLE COLLEGE GRACE BIBLE COLLEGE Biblical Studies 2023-03-21 8 224.9066 FEI 016063 2026-02-23 2026-02-16 c.1 2023-03-21 Books
© Grace Bible College Library 2025